000 00249nam a2200097Ia 4500
001 904158
005 20250826184926.0
008 250824s9999 xx 000 0 und d
245 0 _aHİKAYELER
_cANONİM
260 _bMİLLİ EĞİTİM BAKANLIĞI YAYINLARI
999 _c904158
_d904158